000 00363nam a2200133Ia 4500
008 211118s9999||||xx |||||||||||||| ||und||
082 _a894.8124
_bJAY-N
100 _aJayamohan, B
245 0 _aNedumpathayoram
260 _bCurrent Books
_aTRICHUR
_c2001
630 _xGeneral Stack
650 _aMalayalam Literature
_vMalayalam EssaysMalayalam
942 _cBOOK
999 _c100380
_d100380